European markets at a glance (Record no. 108221)

MARC details
000 -LEADER
fixed length control field 01277cad a22002295a 4500
001 - CONTROL NUMBER
control field L143595
008 - FIXED-LENGTH DATA ELEMENTS--GENERAL INFORMATION
fixed length control field 080123s2008 xxkad f s 000 0 eng d
035 ## - SYSTEM CONTROL NUMBER
System control number (Sirsi) u143595
041 0# - LANGUAGE CODE
Language code of text/sound track or separate title eng
050 04 - LIBRARY OF CONGRESS CALL NUMBER
Classification number 333.33 $2 18
110 2# - MAIN ENTRY--CORPORATE NAME
Corporate name or jurisdiction name as entry element Atisreal
9 (RLIN) 5337
245 00 - TITLE STATEMENT
Title European markets at a glance
Remainder of title first quarter 2008
Medium [electronic resource]
260 ## - PUBLICATION, DISTRIBUTION, ETC.
Place of publication, distribution, etc. [S.l.]
Name of publisher, distributor, etc. Atisreal
Date of publication, distribution, etc. 2008
490 #0 - SERIES STATEMENT
Series statement European Markets at a Glance
Volume/sequential designation First Quarter 2008
520 ## - SUMMARY, ETC.
Summary, etc. Reports that the fall in the European Investment Market Index has increased in the first quarter of 2008. The European Yield Index increased somewhat during the same period due to re-pricing. The European Office Market Index fell again due to the slowing rate of transactions. However, transactions are in line with the average for first quarters over the last five years. The European Office Market Index rose again, albeit at a slower rate. Concludes that the credit crunch has only mildly affected the European Office market.
590 ## - LOCAL NOTE (RLIN)
Local note KA
650 24 - SUBJECT ADDED ENTRY--TOPICAL TERM
Topical term or geographic name entry element EUROPEAN MARKETS AT A GLANCE
651 #4 - SUBJECT ADDED ENTRY--GEOGRAPHIC NAME
Geographic name Europe
690 ## - LOCAL SUBJECT ADDED ENTRY--TOPICAL TERM (OCLC, RLIN)
Topical term or geographic name as entry element PROPERTY-COMMERCIAL PROPERTY-COMMERCIAL PROPERTY MARKET
856 40 - ELECTRONIC LOCATION AND ACCESS
Uniform Resource Identifier <a href="https://www.atisreal.com /">https://www.atisreal.com /</a>
Public note View this report free of charge under market research at www.atisreal.com...
942 ## - ADDED ENTRY ELEMENTS (KOHA)
Suppress in OPAC 0
Holdings
Withdrawn status Lost status Source of classification or shelving scheme Damaged status Not for loan Home library Current library Shelving location Date acquired Total Checkouts Full call number Barcode Date last seen Copy number Price effective from Koha item type
    Dewey Decimal Classification     Virtual Virtual Online 20/05/2008   ONLINE PUBLICATION 143595-2001 06/08/2019 1 06/08/2019 Book